The Revised EBA-Lite Methodology.

The Methodology review identified three broad areas for improving the EBA-Lite methodology: (1) expanding the fundamentals and policy determinants in the CA and REER regressions to better capture the external balance of EBA-Lite countries; (2) identifying alternatives to regression models for extern...

ver descrição completa

Detalhes bibliográficos
Autor Corporativo: International Monetary Fund. Strategy, Policy, and Review Department
Formato: Periódico
Idioma:English
Publicado em: Washington, D.C. : International Monetary Fund, 2019.
Colecção:Policy Papers; Policy Paper ; No. 2019/026
Acesso em linha:Full text available on IMF
LEADER 01717cas a2200241 a 4500
001 AALejournalIMF019484
008 230101c9999 xx r poo 0 0eng d
020 |c 5.00 USD 
020 |z 9781498324373 
022 |a 2663-3493 
040 |a BD-DhAAL  |c BD-DhAAL 
110 2 |a International Monetary Fund.  |b Strategy, Policy, and Review Department. 
245 1 4 |a The Revised EBA-Lite Methodology. 
264 1 |a Washington, D.C. :  |b International Monetary Fund,  |c 2019. 
300 |a 1 online resource (58 pages) 
490 1 |a Policy Papers 
500 |a <strong>Off-Campus Access:</strong> No User ID or Password Required 
500 |a <strong>On-Campus Access:</strong> No User ID or Password Required 
506 |a Electronic access restricted to authorized BRAC University faculty, staff and students 
520 3 |a The Methodology review identified three broad areas for improving the EBA-Lite methodology: (1) expanding the fundamentals and policy determinants in the CA and REER regressions to better capture the external balance of EBA-Lite countries; (2) identifying alternatives to regression models for external assessments of large exporters of exhaustible commodities; and (3) a revised approach for the assessment of external sustainability in highly indebted economies. Accordingly, the revised methodology consists of three modules: 1) Regression Module 2) Module for External Assessments of Exporters of Exhaustible Commodities 3) Module for the Assessment of External Sustainability. 
538 |a Mode of access: Internet 
830 0 |a Policy Papers; Policy Paper ;  |v No. 2019/026 
856 4 0 |z Full text available on IMF  |u http://elibrary.imf.org/view/journals/007/2019/026/007.2019.issue-026-en.xml  |z IMF e-Library